بيان للناس من الأزهر الشريف/ (Record no. 5802)
[ view plain ]
| 000 -الفاتح | |
|---|---|
| حقل البيانات ثابتة الطول | 00870nac a22002051u 4500 |
| 008 - عناصر البيانات ثابتة الطول - معلومات عامة | |
| حقل البيانات ثابتة الطول | 100810m19931994uar||||r000 000 0 ara d |
| 082 ## - رقم تصنيف ديوى العشرى | |
| رقم التصنيف | 210 |
| رقم المادة | ب ي ا |
| 100 ## - المدخل الرئيسى - إسم شخصى | |
| الإسم الشخصى | |
| 9 (RLIN) | 17335 |
| 110 ## - المدخل الرئيسى - إسم هيئة | |
| اسم الهيئة أو اسم السلطة كمدخل | الأزهر الشريف |
| 9 (RLIN) | 17436 |
| 245 ## - بيان العنوان | |
| العنوان | بيان للناس من الأزهر الشريف/ |
| بيان المسئوليه,etc | الأزهر الشريف |
| 260 ## - PUBLICATION, DISTRIBUTION, ETC. (IMPRINT) | |
| مكان الناشر او الموزع | القاهرة : |
| اسم الناشر او الموزع | الأزهر الشريف، |
| تاريخ النشر أو التوزيع | 1993-1994 |
| 300 ## - الوصف المادى | |
| التعداد | 2 مج؛ |
| أبعاد الوعاء | 24 سم |
| 504 ## - تبصرة ببليوجرافية | |
| تبصرة ببليوجرافية,الخ | يشتمل على إرجاعات ببليوجرافية |
| 511 ## - | |
| -- | Catalogued by: Sara |
| 541 ## - تبصرة المصدر المباشر للتزويد | |
| مصدر التزويد | ؛الف باء |
| طريقة التزويد | ؛شراء |
| 650 ## - المدخل الاضافى بالموضوع-مصطلح موضوعى | |
| مصطلح موضوعي أو اسم جغرافي كعنصر مدخل | الإسلام |
| 9 (RLIN) | 13667 |
| 650 ## - المدخل الاضافى بالموضوع-مصطلح موضوعى | |
| مصطلح موضوعي أو اسم جغرافي كعنصر مدخل | الفرق الإسلامية |
| 9 (RLIN) | 13294 |
| 942 ## - عناصر المدخل الإضافي( كوها) | |
| Koha [default] item type | Book - Borrowing |
| سابقة رقم الطلب | 210ب ي ا |
| مصدر التصنيف او مخطط الترفيف | Dewey Decimal Classification |
| حالة التراجع | حالة الفقد | مصدر التصنيف او خطة الترفيف | حالة تلف | ليس للاعارة | مجموعات كوها | المكان الدائم | المكان الحالي | موقع الترفيف | تاريخ الاكتساب | Source of acquisition | رقم الاستدعاء | الباركود | Date last seen | مُعار | نوع الوعاء | تبصرة عامة |
|---|---|---|---|---|---|---|---|---|---|---|---|---|---|---|---|---|
| Dewey Decimal Classification | Alef-Baa | Central Library | Central Library | Lower Floor | 10/08/2010 | 210 ب ي ا | 000007432 | 15/07/2025 | 05/09/2018 | Book - Borrowing | ج1,2 |